Fast Math - Statistics

General Stats
  • This quiz has been taken 45 times
  • The average score is 8 of 10
Answer Stats
Hint Answer % Correct
201+102 303
100%
719+283 1002
86%
830+172 1002
86%
1128+303 1431
86%
1234+910 2144
86%
222+210 432
86%
947+183 1130
83%
384+391 775
77%
375+753 1128
74%
932+491 1423
69%
No matching quizzes found
Score Distribution
Percent of People with Each Score
Percentile by Number Answered
Your Score History
You have not taken this quiz